| 000 | 00375nam a2200145Ia 4500 | ||
|---|---|---|---|
| 008 | 130318s9999 xx 000 0 und d | ||
| 020 | _a8188237191 | ||
| 082 | _a621.3822 PAR/T | ||
| 100 | _aParthasarathy, Harish | ||
| 245 | _aTextbook of signals and systems | ||
| 250 | _a2 | ||
| 260 |
_bI.K International _aNew Delhi _c2006 |
||
| 300 | _a177 | ||
| 650 | _aSIGNALS AND SYSTEMS | ||
| 999 |
_c1198 _d1198 |
||